00234nam a2200097Ia 4500008004100000100000900041245003400050260002800084942000700112999001700119190216s9999||||xx |||||||||||||| ||und|| aNull 0aSainika Thavalangal Eappozhum bKerala Bhasha Institute cBK c40520d40520